[Event "ROM-ch U12"]
[Site "Calimanesti"]
[Date "2013.04.04"]
[Round "4"]
[White "Dicu, Dan Alexandru"]
[Black "Zlatea, Cezar Stelian"]
[Result "0-1"]
[WhiteElo "1687"]
[BlackElo "1736"]
[PlyCount "64"]
[EventDate "2013.04.02"]
[EventType "swiss"]
[EventRounds "9"]
[EventCountry "ROU"]
[SourceTitle "CBM 153 Extra"]
[Source "ChessBase"]
[SourceDate "2013.04.22"]
[SourceVersion "1"]
[SourceVersionDate "2013.04.22"]
[SourceQuality "1"]

1. e4 e5 2. Nf3 Nc6 3. Bc4 Bc5 4. c3 Nf6 5. d4 exd4 6. e5 d5 7. Bb5 Ne4 8. cxd4 Be7 9. Nfd2 Nxd2 10. Bxd2 0-0 11. Bxc6 bxc6 12. Be3 f6 13. f4 fxe5 14. dxe5 Rb8 15. Qc1 d4 16. Bd2 Qd5 17. 0-0 c5 18. b3 Ba6 19. Rf3 Bb7 20. Qf1 Qe6 21. Rh3 Bd5 22. Na3 g6 23. Nc4 Bxc4 24. bxc4 Rb2 25. Qc1 Rfb8 26. Rb3 R2xb3 27. axb3 Rxb3 28. Rxa7 Qb6 29. Ra1 Qb7 30. h3 Rb2 31. Kh2 Kf8 32. Ba5 Qxg2# 0-1

[Event "ROM-ch U12"]
[Site "Calimanesti"]
[Date "2013.04.03"]
[Round "2"]
[White "Dicu, Dan Alexandru"]
[Black "Rosca, Victor Adrian"]
[Result "1-0"]
[WhiteElo "1687"]
[BlackElo "1324"]
[PlyCount "71"]
[EventDate "2013.04.02"]
[EventType "swiss"]
[EventRounds "9"]
[EventCountry "ROU"]
[SourceTitle "CBM 153 Extra"]
[Source "ChessBase"]
[SourceDate "2013.04.22"]
[SourceVersion "1"]
[SourceVersionDate "2013.04.22"]
[SourceQuality "1"]

1. e4 e5 2. Nf3 Nc6 3. Bc4 Nf6 4. Ng5 d5 5. exd5 Na5 6. d3 h6 7. Nf3 Bd6 8. h3 0-0 9. Bd2 Nxc4 10. dxc4 Bf5 11. 0-0 Re8 12. Bc3 Ne4 13. a3 Nxc3 14. Nxc3 e4 15. Nd4 Bd7 16. Ndb5 Bf4 17. d6 Bxb5 18. Nxb5 cxd6 19. Qg4 Be5 20. Rad1 Re6 21. c3 Rg6 22. Qxe4 Qc8 23. Rd3 a6 24. Nd4 Rb8 25. Nf5 Qe6 26. Re3 Re8 27. Rfe1 Qf6 28. Qd3 Re6 29. Rf3 Qg5 30. g3 b5 31. h4 Qg4 32. Ne7+ Kh8 33. Nxg6+ fxg6 34. Rxe5 dxe5 35. Qd8+ Kh7 36. Rf8 1-0